000 00804cam a22002651 4500
001 sa 68010060
003 DLC
005 20260227112549.0
008 821206s1968 ii a b 000 0 eng
010 _asa 68010060
025 _aPL 480: I-E-10260
035 _a(OCoLC)9025513
040 _aDLC
_cMoU
_dOCoLC
_dDLC
050 0 0 _aB5134.S75
_bR6
082 _a181.4
100 1 _aRoy, Dilip Kumar,
_d1897-1980.
245 1 0 _aYogi Sri Krishnaprem.
250 _a[1st ed.]
260 _aBombay,
_bBharatiya Vidya Bhavan,
_c1968.
300 _axxiii, 261 p.
_bill., ports. (part col.)
_c24 cm.
500 _aIncludes some letters and an article by Yogi Sri Krishnaprem.
504 _aBibliographical footnotes.
600 0 0 _aSri Krishna Prem,
_d1898-1965.
700 0 _aSri Krishna Prem,
_d1898-1965.
999 _c83303
_d83303